Sports Quiz

Random Sports Quiz

UEFA Champions League: Teams that have reached Last 16 Quiz Stats

 Plays Quiz not verified by Sporcle

Challenge
Share
Tweet
Embed
Score 0/89 Timer 14:00
0 Plays Today
% Correct
Barcelona
98%
Real Madrid
97.6%
Manchester United
96.1%
Arsenal
95.7%
Chelsea
95.7%
Liverpool
95.2%
Valencia
95%
Bayern Munich
94.9%
AC Milan
94.8%
Juventus
94.8%
Lyon
94.8%
Inter Milan
94.5%
Paris Saint-Germain
94.3%
Borussia Dortmund
93.8%
FC Porto
93.6%
Atletico Madrid
93.1%
Marseille
92.7%
AS Roma
92.7%
Benfica
92.2%
Sporting CP
92.1%
Ajax
91.8%
PSV Eindhoven
90.2%
Galatasaray
90.2%
Tottenham Hotspur
90.1%
CSKA Moscow
89.8%
Celtic
89.7%
Rangers
89.3%
Lazio
89.3%
Leeds United
89%
Sevilla
88.4%
% Correct
Olympiacos
88.4%
Zenit St. Petersburg
88.4%
Schalke 04
88.2%
Deportivo La Coruna
87.3%
Newcastle United
86.9%
Napoli
86.5%
Monaco
86.2%
Bayer Leverkusen
86.1%
Feyenoord
85.9%
Lille
85.2%
FC Basel
84.6%
Bordeaux
84.3%
Anderlecht
84.1%
Fenerbahce
83.9%
Besiktas
83.7%
Spartak Moscow
83.4%
Villarreal
82.8%
Blackburn Rovers
82.5%
Shakhtar Donetsk
81.5%
Panathinaikos
81.4%
Werder Bremen
81%
Fiorentina
80.9%
AEK Athens
79.2%
Malaga C.F
79.1%
FC Nantes
78.1%
Sparta Prague
77.7%
Dinamo Kiev
77.6%
VFB Stuttgart
77.3%
Rapid Vienna
77.2%
APOEL
76.7%
% Correct
Steaua Bucharest
76.1%
Club Brugge
74.1%
Dinamo Zagreb (Croatia Zagreb at the time)
72.6%
Lokomotiv Moscow
72.4%
Parma
72.1%
Austria Vienna
71.8%
Boavista
71.1%
Rosenborg
70.6%
Legia Warsaw
70.2%
FC Kobenhavn
70.1%
Real Sociedad
67%
Red Bull Salzburg (Casino Salzburg at the time)
66.2%
Grasshopper
65.7%
Kaiserslautern
63.2%
AJ Auxerre
61.5%
Sturm Graz
61%
Celta de Vigo
59.9%
Lens
59.5%
Hertha Berlin BSC
57.5%
Hajduk Split
55.8%
IFK Goteborg
54.6%
Levski Sofia
48.8%
Aalborg BK
48.3%
Ferencvaros
47.8%
Lech Poznan
43.6%
Dinamo Bucharest
43.1%
Slovan Bratislava
38%
Widzew Lodz
36.9%
FC Sion
27.5%

You're not logged in!

Compare scores with friends on all Sporcle quizzes.
OR
Log In

You Might Also Like...

Show Comments

Extras

Top Quizzes Today


Score Distribution

Your Account Isn't Verified!

In order to create a playlist on Sporcle, you need to verify the email address you used during registration. Go to your Sporcle Settings to finish the process.

Report this User

Report this user for behavior that violates our Community Guidelines.

Details: